000 00309nam a22001337a 4500
008 170922b xxu||||| |||| 00| 0 eng d
020 _a9780768912715
041 _aeng
080 _26 ED
_a37
100 _a46
101 _aEDU
245 _aVOCATIONAL TECHNICAL; SCHOOLS
_cTHOMAPSON.
942 _2udc
_cBK
999 _c29219
_d29219